000 00313nam a22001337a 4500
005 20150813115348.0
008 150813b xxu||||| |||| 00| 0 eng d
040 _cPK-LaUMT
082 _aKHC 303.3409
_bAAH-
245 _aآہ قائد ملت
_c[ ]
260 _a[ ]
_b[ ]
_c[N.D]
300 _a201 ص
942 _cBK
999 _c73881
_d73881